100 compositeurs de musique classique - Statistiques

Statistiques générales
  • Ce quiz a été pris 433 fois
  • Le résultat moyen est 23 sur 100
Statistiques - réponses
Œuvre Compositeur % Correct
Les noces de Figaro Wolfgang Amadeus Mozart
94%
L'Arlésienne Georges Bizet
71%
24 caprices pour violon Niccolò Paganini
66%
West Side Story Leonard Bernstein
61%
La Mer Claude Debussy
57%
Madame Butterfly Giacomo Puccini
56%
L'Apprenti sorcier Paul Dukas
56%
Concertos brandebourgeois Jean-Sébastien Bach
55%
Guillaume Tell Gioachino Rossini
53%
Rigoletto Giuseppe Verdi
53%
Symphonie n° 7 "Léningrad" Dmitri Chostakovitch
50%
Grande Polonaise brillante Frédéric Chopin
48%
Une nuit sur le mont Chauve Modeste Moussorgski
46%
Quatuor n° 14 "La jeune Fille et la Mort" Franz Schubert
45%
Lohengrin Richard Wagner
44%
Un Américain à Paris George Gershwin
43%
Daphnis et Chloé Maurice Ravel
43%
Sonate pour piano n° 23 "appassionata" Ludwig van Beethoven
42%
Samson et Dalila Camille Saint-Saëns
41%
Petrouchka Igor Stravinsky
41%
Thaïs Jules Massenet
39%
Variations Enigma Edward Elgar
36%
La Vie parisienne Jacques Offenbach
35%
Symphonie n° 103 "roulement de timbales Joseph Haydn
35%
Symphonie n° 3 "Ecossaise" Felix Mendelssohn
33%
La Chauve-Souris Johann Strauss II
32%
Six Danses populaires roumaines Béla Bartók
31%
La Nuit transfigurée Arnold Schönberg
30%
Un requiem allemand Johannes Brahms
30%
Mazeppa Franz Liszt
29%
Quatuor pour la fin du Temps Olivier Messiaen
29%
Der Freischütz Carl Maria von Weber
28%
Quatuor n° 12 "américain" Antonín Dvořák
27%
Cantique de Jean Racine Gabriel Fauré
27%
Dido and Æneas Henry Purcell
24%
Dans les steppes de l'Asie centrale Alexandre Borodine
23%
Armide Jean-Baptiste Lully
23%
Le Bœuf sur le toit Darius Milhaud
22%
Harold en Italie Hector Berlioz
22%
L'Île des morts Sergueï Rachmaninov
22%
Danzón n° 2 Arturo Márquez
21%
Das Lied von der Erde Gustav Mahler
21%
Concerto à la mémoire d'un ange Alban Berg
20%
L'estro armonico Antonio Vivaldi
19%
Bachianas brasileiras Heitor Villa-Lobos
19%
Dialogues des carmélites Francis Poulenc
18%
Lucia di Lammermoor Gaetano Donizetti
18%
Symphonie n° 4 "romantique" Anton Bruckner
17%
Les Barricades mystérieuses François Couperin
17%
Giulio Cesare in Egitto Georg Friedrich Haendel
17%
Suite Lemminkäinen Jean Sibelius
17%
Kreisleriana Robert Schumann
17%
Symphonie n° 1 "classique" Sergueï Prokofiev
17%
Sonate des trilles du Diable Giuseppe Tartini
16%
Les Boréades Jean-Philippe Rameau
16%
Pins de Rome Ottorino Respighi
16%
Messe de Notre Dame Guillaume de Machaut
15%
La vida breve Manuel de Falla
15%
Zigeunerweisen Pablo de Sarasate
15%
Einstein on the Beach Philip Glass
15%
Poème de l'extase Alexandre Scriabine
13%
Variations sur un thème de Robert Schumann Clara Schumann
13%
Souvenir de Florence Piotr Ilitch Tchaïkovski
13%
Simple Symphony Benjamin Britten
12%
Musica ricercata György Ligeti
12%
The Lark Ascending Ralph Vaughan Williams
12%
Chants d'Espagne Isaac Albéniz
11%
Jenůfa Leoš Janáček
11%
Concerto pour la nuit de Noël Arcangelo Corelli
10%
Milonga del Ángel Astor Piazzolla
10%
Sigurd Jorsalfar Edvard Grieg
10%
La Grande Pâque russe Nikolaï Rimski-Korsakov
10%
Métamorphoses Richard Strauss
10%
Appalachian Spring Aaron Copland
9%
Mireille Charles Gounod
9%
Sonatine bureaucratique Erik Satie
9%
Spartacus Aram Khatchatourian
8%
Fratres Arvo Pärt
8%
La Fiancée vendue Bedřich Smetana
8%
Lamento della Ninfa Claudio Monteverdi
8%
The Unanswered Question Charles Ives
7%
Sonates du Rosaire Heinrich Biber
7%
Fantaisie écossaise pour violon et orchestre Max Bruch
7%
Danses de Galánta Zoltán Kodály
7%
Concert pour piano, violon et quatuor à cordes Ernest Chausson
6%
Musique de Table Georg Philipp Telemann
6%
Messe du Pape Marcel Giovanni Pierluigi da Palestrina
6%
Vieille prière bouddhique Lili Boulanger
6%
Rugby Arthur Honegger
5%
Suite japonaise pour orchestre Gustav Holst
4%
Missa Hercules Dux Ferrarie Josquin des Prés
4%
La Musica Notturna delle strade di Madrid Luigi Boccherini
4%
Alcyone Marin Marais
4%
The Desert Music Steve Reich
4%
Cantus Arcticus Einojuhani Rautavaara
3%
Ludus Tonalis Paul Hindemith
3%
Symphonie n° 3 "espansiva" Carl Nielsen
2%
Le Roi Roger Karol Szymanowski
2%
Symphonie n° 3 "Ilya Mouromets" Reinhold Glière
2%
Hulda César Franck
1%
Aucun quiz correspondant
Distribution des résultats
% des personnes avec chaque résultat
Percentile par nombre de réponses
Votre historique - résultats
Vous n’avez pas pris ce quiz